Tiburones desdentados / (Record no. 193375)

MARC details
000 -LEADER
campo de control de longitud fija 02372nam a22003735i 4500
001 - NÚMERO DE CONTROL
campo de control 193375
003 - IDENTIFICADOR DE NÚMERO DE CONTROL
campo de control SpMaBN
005 - FECHA Y HORA DE LA ÚLTIMA TRANSACCIÓN
campo de control 20250709185441.0
007 - CAMPO FIJO DE DESCRIPCIÓN FÍSICA--INFORMACIÓN GENERAL
campo de control de longitud fija ta
008 - DATOS DE LONGITUD FIJA--INFORMACIÓN GENERAL
campo de control de longitud fija 960315s1995 sp | ||| ||spa
016 7# - NÚMERO DE CONTROL DE UNA AGENCIA BIBLIOGRÁFICA NACIONAL
Número de control del registro bimoBNE19960090391
Fuente SpMaBN
017 ## - NÚMERO DE COPYRIGHT O DE DEPÓSITO LEGAL
Número de copyright o de depósito legal M 40162-1995
Agencia que asigna Oficina Depósito Legal Madrid
020 ## - NÚMERO INTERNACIONAL ESTÁNDAR DEL LIBRO
Número Internacional Estándar del Libro 8470397257
035 ## - NÚMERO DE CONTROL DEL SISTEMA
Número de control de sistema (OCoLC)431437223
040 ## - FUENTE DE CATALOGACIÓN
Centro catalogador/agencia de origen SpMaBN
Lengua de catalogación spa
Centro/agencia transcriptor SpMaBN
Normas de descripción rdc
080 ## - NÚMERO DE LA CLASIFICACIÓN DECIMAL UNIVERSAL
Número de la Clasificación Decimal Universal 821.134.2-31"19"
100 1# - ENTRADA PRINCIPAL--NOMBRE DE PERSONA
Nombre de persona Bilbao, Daniel,
Fechas asociadas al nombre 1960-
Número de control del registro de autoridad o número normalizado XX998402
Término indicativo de función/relación Autor
9 (RLIN) 234543
245 10 - MENCIÓN DEL TÍTULO
Título Tiburones desdentados /
Mención de responsabilidad, etc. Daniel Bilbao
260 ## - PUBLICACIÓN, DISTRIBUCIÓN, ETC.
Lugar de publicación, distribución, etc. Madrid :
Nombre del editor, distribuidor, etc. Castalia;
Fecha de publicación, distribución, etc. [1995]
300 ## - DESCRIPCIÓN FÍSICA
Extensión 177 páginas ;
Dimensiones 23 cm
336 ## - TIPO DE CONTENIDO
Fuente rdacontent
Término de tipo de contenido Texto
337 ## - TIPO DE MEDIO
Fuente rdamedia
Nombre/término del tipo de medio sin mediación
338 ## - TIPO DE SOPORTE
Fuente rdacarrier
Nombre/término del tipo de soporte volumen
500 ## - NOTA GENERAL
Nota general Índice
520 ## - RESUMEN, ETC.
Sumario, etc. I. Introducción u relación entre Las cuatro dimensiones del Tiempo y el Espacio y La aceleración y desaceleración económica de España 1986-1992. II. Metodología de contratación informática y la hora del bocadillo. III. Metodología de adquisiciones de empresas I y contratación de helicópteros. IV. Metodología de relaciones con accionistas I e introducción a la ópera. V. Metodología de cultura empresarial y diseño de sobres. VI. Metodología de cotización en bolsa y contratación de patinadoras. VII. Metodología de escrituras fiscales y hospitales. VIII. Metodología de adquisiciones de empresas II y el ocio en Japón. IX. Metodología de control del capital circulante y el albergue de Sevilla. X. Metodología de adquisiciones de empresas III y las ordenanzas de Carlos III. XI. Metodología de relaciones con accionistas II y telefonía portátil. XII. Metodología de desinversión I y Santiago Matamoros. XIII. Metodología de desinversión II y el perro del amigo de Isidro Carro. Epílogo.
655 #7 - TERMINO DE INDIZACIÓN--GENERO/FORMA
9 (RLIN) 176428
Datos o término principal de género/forma Novelas de humor
852 ## - LOCALIZACIÓN
Ubicación ES-MaACL
Sublocalización o colección R. 154754
Ubicación en estantería Depósito J
Número de control de estantería N-9532
itemnumber 200819
Donativo/Legado Donación: Daniel Bilbao
Anotaciones manuscritas Dedicatoria autógrafa del autor
Encuadernación Encuadernación rústica con solapas
903 ## - NOMBRE PERSONAL DE DONANTE
a Bilbao, Daniel,
d 1960-
e Donante
9 234543
942 ## - ELEMENTOS DE ENTRADA SECUNDARIOS (KOHA)
Suprimir en OPAC No
Tipo de ítem Koha Libro impreso
Holdings
Estatus retirado Estado de pérdida Fuente del sistema de clasificación o colocación Estado de daño No para préstamo Colección Biblioteca de origen Biblioteca actual Ubicación en estantería Fecha de adquisición Fuente de adquisición Número de control de estantería Total de préstamos Signatura topográfica completa Código de barras Visto por última vez Tipo de ítem Koha Nota pública
    Clasificación decimal universal     Libros con dedicatorias Biblioteca del Ateneo de Madrid Biblioteca del Ateneo de Madrid Depósito J 10/11/2023 Donación Ateneísta   N-9532 101206080 10/11/2023 Libro impreso Dedicatoria autógrafa del autor